000 00671cas a22002175a 4500
001 L119679
008 020912c2004 xxkqr p 0 a0eng u
022 1 _a1744-7488
035 _a(Sirsi) u119679
041 0 _aeng
110 2 _aNational Federation of Residential Landlords
_94709
245 0 0 _aSuccessful Renting
_bThe Official Magazine of the National Federation of Residential Landlords
260 _aLondon
_bFarscape
_c2004-
362 0 _aNovember 2004-
520 _aKept for five years
554 _aFour per year
651 4 _aEngland and Wales
_y1543-
690 _aResidential property
_96266
780 0 0 _tResidential Renting
_x1741-881X
942 _n0
999 _c118760
_d118760